200 personagens mais mencionados em Harry Potter - Statistics

Estatísticas Gerais
  • Esse quiz foi jogado 2 167 vezes
  • A pontuação média é 69 de 200
Estatísticas das Respostas
Menções Personagem % Correto
18956 Harry Potter
99%
5486 Hermione Granger
98%
6464 Ronald Weasley
96%
2421 Alvo Dumbledore
93%
1198 Draco Malfoy
92%
920 Fred Weasley
92%
771 Gina Weasley
92%
1956 Severo Snape
92%
79 Aberforth Dumbledore
91%
50 Ariana Dumbledore
91%
821 Jorge Weasley
90%
22 Kendra Dumbledore
90%
1471 Sirius Black
90%
190 Tiago Potter
90%
127 Lílian Potter
89%
722 Molly Weasley
89%
780 Arthur Weasley
88%
249 Lúcio Malfoy
88%
1797 Voldemort
88%
110 Carlinhos Weasley
85%
770 Minerva McGonagall
85%
89 Narcisa Malfoy
85%
2024 Rúbeo Hagrid
85%
426 Percy Weasley
84%
864 Remo Lupin
83%
356 Luna Lovegood
82%
302 Gui Weasley
80%
810 Neville Longbottom
79%
469 Dobby
75%
353 Cedrico Diggory
74%
467 Duda Dursley
72%
54 Régulo Arturo Black
72%
56 Muriel Weasley
70%
314 Petúnia Dursley
70%
27 Alvo Severo Potter
68%
220 Belatriz Lestrange
67%
215 Cho Chang
67%
530 Valter Dursley
67%
242 Ninfadora Tonks
66%
14 Tiago Sirius Potter
66%
583 Alastor Moody
63%
89 Fineus Nigellus Black
63%
15 Senhora Black
62%
39 Ted Tonks
62%
637 Dolores Umbridge
61%
277 Vítor Krum
61%
124 Xenofílio Lovegood
60%
212 Dino Thomas
58%
228 Gregório Goyle
55%
179 Simas Finnigan
55%
486 Pedro Pettigrew
53%
258 Fleur Delacour
52%
73 Guida Dursley
52%
24 Tom
52%
204 Edwiges
51%
12 Augusta Longbottom
50%
295 Bartô Crouch
49%
36 Bartô Crouch Júnior
49%
493 Cornélio Fudge
48%
312 Monstro
48%
18 Tom Riddle
48%
224 Vincente Crabbe
48%
116 Cátia Bell
47%
262 Gilderoy Lockhart
47%
76 Amos Diggory
46%
123 Nick Quase-Sem-Cabeça
46%
140 Fílio Flitwick
45%
119 Murta Que Geme
45%
133 Parvati Patil
45%
16 Pedro Polkiss
44%
288 Argo Filch
43%
432 Horácio Slughorn
43%
208 Olívio Wood
43%
141 Lilá Brown
42%
90 Pomona Sprout
42%
23 Padma Patil
41%
117 Olivaras
39%
262 Sibila Trelawney
39%
136 Bicuço
37%
15 Gabrielle Delacour
37%
68 Pansy Parkinson
37%
14 Helga Hufflepuff
36%
122 Quirino Quirrell
36%
162 Bichento
35%
30 Nagini
35%
164 Pirraça
35%
28 Rowena Ravenclaw
34%
70 Salazar Slytherin
33%
135 Angelina Johnson
31%
156 Papoula Pomfrey
31%
77 Colin Creevey
30%
63 Godric Gryffindor
30%
68 Servolo Gaunt
30%
162 Winky
29%
188 Rita Skeeter
28%
24 Barão Sangrento
27%
59 Madame Nor-r-ra
27%
102 Fenrir Greyback
26%
27 Fofo
26%
32 Mérope Gaunt
26%
63 Morfino Gaunt
26%
49 Aragogue
24%
77 Batilda Bagshot
24%
73 Gerardo Grindelwald
24%
165 Igor Karkaroff
24%
72 Mulher Gorda
23%
147 Mundungo Fletcher
23%
112 Olímpia Maxime
23%
106 Quim Shacklebolt
23%
47 Blásio Zabini
21%
140 Grampo
21%
109 Lino Jordan
21%
105 Canino
20%
92 Ernesto McMillan
20%
75 Firenze
20%
73 Córmaco McLaggen
18%
17 Dennis Creevey
18%
34 Ernesto Prang
17%
75 Grope
17%
246 Ludo Bagman
17%
53 Madame Hooch
17%
64 Fawkes
16%
31 Nicolau Flamel
16%
16 Aleto Carrow
15%
23 Amico Carrow
15%
26 Anna Abbott
15%
36 Norberto
15%
35 Amélia Bones
14%
50 Justino Finch-Fletchley
14%
40 Marcos Flint
14%
49 Rosmerta
14%
153 Rufo Scrimgeour
14%
85 Stanislau Shunpike
14%
48 Zacarias Smith
14%
34 Antônio Dolohov
13%
62 Elifas Doge
13%
27 Hepzibá Smith
13%
48 Professor Binns
13%
55 Arabella Figg
12%
56 Yaxley
12%
58 Alicia Spinnet
11%
60 Pichitinho
11%
18 Trevo
10%
21 Armando Dippet
9%
17 Emilia Bulstrode
9%
27 Dédalo Diggle
8%
26 Errol
8%
49 Gregorovitch
8%
31 Maria Cattermole
8%
20 Pio Thicknesse
8%
30 Agouro
7%
13 Carátaco Burke
7%
63 Franco Bryce
7%
57 Guilhermina Grubbly-Plank
7%
19 Madame Pince
7%
48 Marieta Edgecombe
7%
18 Romilda Vane
7%
13 Avery
6%
42 Berta Jorkins
6%
68 Beto Ogden
6%
16 Héstia Jones
6%
26 Miguel Corner
6%
23 Reginald Cattermole
6%
51 Senhor Borgin
6%
27 Walden Macnair
6%
25 Madame Malkin
5%
16 Mafalda Hopkirk
5%
23 Sir Cadogan
5%
14 Terêncio Boot
5%
19 Alberto Runcorn
4%
25 Augusto Rookwood
4%
19 Dawlish
4%
13 Adriano Pucey
3%
17 Beedle, O Bardo
3%
15 Bogrode
3%
26 Broderico Bode
3%
16 Demelza Robins
3%
23 Estúrgio Podmore
3%
19 Hóquei
3%
13 Jaquito Peakes
3%
18 Magoriano
3%
33 Montague
3%
30 Rogério Davies
3%
23 Ronan
3%
41 Travers
3%
12 Troy
3%
20 Liane
2%
14 Marcos Belby
2%
13 Professor Tofty
2%
17 Scabior
2%
21 Senhora Cole
2%
16 Aidan Lynch
1%
23 Dirk Cresswell
1%
18 Griselda Marchbanks
1%
13 Hassan Mostafa
1%
13 Karkus
1%
16 Moran
1%
20 Senhor Roberts
1%
22 Warrington
1%
13 Wilkie Twycross
1%
Nenhum quiz correspondente encontrado
Distribuição das Pontuações
Porcentagem de Pessoas com Cada Pontuação
Percentil de Números Respondidos
Sua Pontuação Histórica
Você não jogou esse quiz